000 00411nam a2200169Ia 4500
008 180921t2015 xxu||||| |||| 00| 1 sin d
041 _asin
080 _aX8C31
_bPRA
100 _aPrasannaarachchi, Sujeewa
245 _aමෝස්තර
246 _aMostara
260 _bMadarabooks
_aNugegoda
_c2015
300 _a192p., 21cm
942 _cBK
999 _c8040
_d8040
003 LK-CoDNM
040 _aLK-CoDNM
_dLK-CoDNM
_eLK-CoDNM